000 01606nam a2200481 i 4500
001 2062
003 KOSZ 005
005 20200630132816.0
008 990506s1984 pl a f |000 0 pol
015 _aPB 1984/1605
020 _a8301001534
035 _a991009747989705066
035 _a(PL-WaBN)b12633537-48omnis_nlop
035 _ab12633537
035 _a(OCoLC)749196600
035 _a(PL)b0000001263353
035 _a(EXLNZ-48OMNIS_NETWORK)9910464255005606
040 _aWA N
_cWA N
_dKOSZ 005/EC
041 0 _apol
046 _k1977
080 _a664
080 _a(075.8)
100 1 _aChwiej, Mieczysław
_eAutor
245 1 0 _aAparatura przemysłu spożywczego :
_bmaszyny i aparaty : [skrypt dla studentów akademii rolniczych i wyższych szkół technicznych] /
_cMieczysław Chwiej.
250 _aWyd. 3.
260 _aWarszawa ;
_aŁódź :
_bPaństwowe Wydawnictwo Naukowe,
_c1984
_e(Łódź :
_fZGWN).
300 _a531, [1] s. :
_brys., wykr. ;
_c24 cm.
380 _aKsiążki
388 _a1901-2000
388 _a1945-1989
504 _aBibliogr. s. [532].
658 4 _aInżynieria i technika
655 4 _aPodręczniki akademickie
_2DBN
650 4 _aŻywność
_2DBN
650 4 _aTechnologia
650 4 _aNarzędzia i maszyny
650 4 _aUrządzenia
650 4 _aTechnologia chemiczna
_2DBN
710 2 _aPaństwowe Wydawnictwo Naukowe
_4pbl.
856 _uhttp://koha.tu.koszalin.pl/cgi-bin/koha/opac-detail.pl?biblionumber=2062
_yKatalog online BPK
942 _2UKD
_cKS
999 _c2062
_d2062